Sarangi Darbari / (Record no. 43161)
[ view plain ]
| 000 -LEADER | |
|---|---|
| fixed length control field | 00860njm a22002417a 4500 |
| 005 - DATE AND TIME OF LATEST TRANSACTION | |
| control field | 20100830154719.0 |
| 006 - FIXED-LENGTH DATA ELEMENTS--ADDITIONAL MATERIAL CHARACTERISTICS--GENERAL INFORMATION | |
| fixed length control field | a|||||r|||||00| 0 |
| 007 - PHYSICAL DESCRIPTION FIXED FIELD--GENERAL INFORMATION | |
| fixed length control field | sd ammalaaahaa |
| 008 - FIXED-LENGTH DATA ELEMENTS--GENERAL INFORMATION | |
| fixed length control field | 100830t xxu||||| |||| 00| 0 eng d |
| 028 ## - PUBLISHER NUMBER | |
| Publisher number | HT 83 |
| Source | His Master Voice |
| 035 ## - SYSTEM CONTROL NUMBER | |
| System control number | GR-00007 |
| 035 ## - SYSTEM CONTROL NUMBER | |
| System control number | 2MR 237 |
| 040 ## - CATALOGING SOURCE | |
| Original cataloging agency | SED |
| Transcribing agency | SED |
| 245 ## - TITLE STATEMENT | |
| Title | Sarangi Darbari / |
| Statement of responsibility, etc | Sung by Bundu Khan |
| Medium | [ sound recording] |
| 260 ## - PUBLICATION, DISTRIBUTION, ETC. (IMPRINT) | |
| Place of publication, distribution, etc | Dum Dum India |
| Name of publisher, distributor, etc | His Master voice |
| Date of publication, distribution, etc | n.d. |
| 300 ## - PHYSICAL DESCRIPTION | |
| Extent | 1 Sound disc [Gramophone recording] : |
| Other physical details | analog,33 1/3 rpm |
| Dimensions | 9.5 in |
| Type of unit | Gramophone Recording |
| 500 B# - GENERAL NOTE | |
| General note | Brief record |
| 505 ## - FORMATTED CONTENTS NOTE | |
| Formatted contents note | Sarangi Malkosh (Bundu Khan) Sarangi Darbari |
| 650 ## - SUBJECT ADDED ENTRY--TOPICAL TERM | |
| Topical term or geographic name as entry element | Classical music |
| Geographic subdivision | India |
| 9 (RLIN) | 17568 |
| General subdivision | Excerpts |
| 700 ## - ADDED ENTRY--PERSONAL NAME | |
| Personal name | Bundu Khan |
| 9 (RLIN) | 17569 |
| 942 ## - ADDED ENTRY ELEMENTS (KOHA) | |
| Source of classification or shelving scheme | Dewey Decimal Classification |
| Item type | Gramaphone Records |
| Withdrawn status | Lost status | Source of classification or shelving scheme | Damaged status | Not for loan | Collection code | Home library | Current library | Date acquired | Source of acquisition | Total Checkouts | Barcode | Date last seen | Copy number | Price effective from | Koha item type |
|---|---|---|---|---|---|---|---|---|---|---|---|---|---|---|---|
| Dewey Decimal Classification | Not For Loan | Non-fiction | Central Library | Central Library | 30/08/2010 | SED/VEN | GR-00007 | 30/08/2010 | 1 | 30/08/2010 | Gramaphone Records |
